<?xml version="1.0" encoding="UTF-8"?>
<record
    xmlns:xsi="http://www.w3.org/2001/XMLSchema-instance"
    xsi:schemaLocation="http://www.loc.gov/MARC21/slim http://www.loc.gov/standards/marcxml/schema/MARC21slim.xsd"
    xmlns="http://www.loc.gov/MARC21/slim">

  <leader>02223cam a2200289 i 4500</leader>
  <controlfield tag="001">17853088</controlfield>
  <controlfield tag="005">20150415102707.0</controlfield>
  <controlfield tag="008">130815t2014    enkadk frb    001 0 eng d</controlfield>
  <datafield tag="010" ind1=" " ind2=" ">
    <subfield code="a">2013032293</subfield>
  </datafield>
  <datafield tag="020" ind1=" " ind2=" ">
    <subfield code="a">9780415550468 (hardback)</subfield>
  </datafield>
  <datafield tag="020" ind1=" " ind2=" ">
    <subfield code="a">9780415550475 (paperback)</subfield>
  </datafield>
  <datafield tag="020" ind1=" " ind2=" ">
    <subfield code="z">9781315851044 (ebook)</subfield>
  </datafield>
  <datafield tag="040" ind1=" " ind2=" ">
    <subfield code="a">DLC</subfield>
    <subfield code="c">DLC</subfield>
    <subfield code="d">DLC</subfield>
    <subfield code="d">EG-ScBUE</subfield>
  </datafield>
  <datafield tag="082" ind1="0" ind2="0">
    <subfield code="a">060</subfield>
    <subfield code="2">22</subfield>
    <subfield code="b">ANH</subfield>
  </datafield>
  <datafield tag="100" ind1="1" ind2=" ">
    <subfield code="a">Anheier, Helmut K.,</subfield>
    <subfield code="d">1954-</subfield>
    <subfield code="9">37633</subfield>
  </datafield>
  <datafield tag="245" ind1="1" ind2="0">
    <subfield code="a">Nonprofit organizations :</subfield>
    <subfield code="b">theory, management, policy /</subfield>
    <subfield code="c">Helmut K. Anheier.</subfield>
  </datafield>
  <datafield tag="250" ind1=" " ind2=" ">
    <subfield code="a">2nd ed.</subfield>
  </datafield>
  <datafield tag="260" ind1=" " ind2=" ">
    <subfield code="a">Oxon ;</subfield>
    <subfield code="a">New York :</subfield>
    <subfield code="b">Routledge,</subfield>
    <subfield code="c">c.2014.</subfield>
  </datafield>
  <datafield tag="300" ind1=" " ind2=" ">
    <subfield code="a">xii, 579 p. :</subfield>
    <subfield code="b">charts, forms, tables ;</subfield>
    <subfield code="c">25 cm.</subfield>
  </datafield>
  <datafield tag="500" ind1=" " ind2=" ">
    <subfield code="a">Index : p. 563-579.</subfield>
  </datafield>
  <datafield tag="504" ind1=" " ind2=" ">
    <subfield code="a">Bibliography : p. 525-561.</subfield>
  </datafield>
  <datafield tag="520" ind1=" " ind2=" ">
    <subfield code="a">"In this new edition of his popular textbook, Nonprofit Organizations : Theory, Management, Policy, Helmut K. Anheier has fully updated, revised and expanded his comprehensive introduction to this field. The text takes on an international and comparative dimensions perspective, detailing the background and concepts behind these organizations and examining relevant theories and central issues.Anheier covers the full range of nonprofit organizations--service providers, membership organizations, foundations, community groups--in different fields, such as arts and culture, social services and education. He introduces central terms such as philanthropy, charity, community, social entrepreneurship, social investment, public good and civil society. Acknowledging and explaining how the field spills over from public management, through nonprofit management and public administration. This textbook is systematic in its treatment of theories, management approaches and policy analyses.The previous edition was winner of the Best Book Award at the American Academy of Management in 2006, and this new edition will fit both the North American and European schedules of academic teaching. Nonprofit Organizations: Theory, Management, Policy is an ideal resource for students on both undergraduate and post-graduate courses"-</subfield>
  </datafield>
  <datafield tag="650" ind1=" " ind2="0">
    <subfield code="a">Nonprofit organizations.</subfield>
    <subfield code="9">37634</subfield>
  </datafield>
  <datafield tag="653" ind1=" " ind2=" ">
    <subfield code="b">NNUR</subfield>
    <subfield code="b">BUSADM</subfield>
    <subfield code="c">April2015</subfield>
  </datafield>
  <datafield tag="655" ind1=" " ind2=" ">
    <subfield code="v">reading book</subfield>
    <subfield code="9">34232</subfield>
  </datafield>
  <datafield tag="942" ind1=" " ind2=" ">
    <subfield code="2">ddc</subfield>
  </datafield>
  <datafield tag="999" ind1=" " ind2=" ">
    <subfield code="c">19187</subfield>
    <subfield code="d">19159</subfield>
  </datafield>
  <datafield tag="952" ind1=" " ind2=" ">
    <subfield code="0">0</subfield>
    <subfield code="1">0</subfield>
    <subfield code="2">ddc</subfield>
    <subfield code="4">0</subfield>
    <subfield code="7">0</subfield>
    <subfield code="8">&#x627;&#x64A;&#x645;&#x643;</subfield>
    <subfield code="a">MAIN</subfield>
    <subfield code="b">MAIN</subfield>
    <subfield code="c">LOW</subfield>
    <subfield code="d">2015-04-14</subfield>
    <subfield code="e">purchase</subfield>
    <subfield code="g">427.00</subfield>
    <subfield code="h">2446</subfield>
    <subfield code="l">1</subfield>
    <subfield code="o">060 ANH</subfield>
    <subfield code="p">000038012</subfield>
    <subfield code="r">2025-07-15 00:00:00</subfield>
    <subfield code="s">2015-04-15</subfield>
    <subfield code="v">533.75</subfield>
    <subfield code="y">BB</subfield>
  </datafield>
  <datafield tag="952" ind1=" " ind2=" ">
    <subfield code="0">0</subfield>
    <subfield code="1">0</subfield>
    <subfield code="2">ddc</subfield>
    <subfield code="4">0</subfield>
    <subfield code="7">0</subfield>
    <subfield code="8">&#x627;&#x64A;&#x645;&#x643;</subfield>
    <subfield code="a">MAIN</subfield>
    <subfield code="b">MAIN</subfield>
    <subfield code="c">LOW</subfield>
    <subfield code="d">2015-04-14</subfield>
    <subfield code="e">purchase</subfield>
    <subfield code="g">427.00</subfield>
    <subfield code="h">2446</subfield>
    <subfield code="l">0</subfield>
    <subfield code="o">060 ANH</subfield>
    <subfield code="p">000038013</subfield>
    <subfield code="r">2025-07-15 00:00:00</subfield>
    <subfield code="v">533.75</subfield>
    <subfield code="y">BB</subfield>
  </datafield>
</record>
